000 00995nam a2200277Ia 4500
008 130821s1994 sp gr spa
020 _a8449300401
040 _aCo-BoUCM
_bspa
041 0 0 _aspa
100 _aQualter, Terence H.
_9156725
245 0 0 _aPublicidad y democracia en la sociedad de masas
_cTerence H. Qualter ; traducción de Pilar Vásquez Mota
250 _a1a. ed.
260 _aBarcelona (España)
_bPaidos
_c1994
300 _a233 páginas
490 _aPaidos Comunicación ; 60
500 _aTítulo original : Advertising and democracy in the mass age.-- Incluye índice y bibliografía
650 0 4 _aCapitalismo
_910463
650 0 4 _aConsumo (Economía)
_911731
650 0 4 _aDemocracia
_912617
650 0 4 _aMedios de comunicación de masas
_919235
650 0 4 _aMercadeo
_919305
650 0 4 _aPublicidad
_922914
700 _aVásquez Mota, Pilar.
_eTra
_9156726
942 _cLIBRO
_a16
_e1
_mQ81
_2DEWEY
_h659.1
999 _c22029
_d22029